| 000 | 00481cam a2200193ua 4500 | ||
|---|---|---|---|
| 020 |
_a981 4035 35 1 _c360.00 |
||
| 041 |
_aeng _h |
||
| 082 |
_a005.7565 _bHAR/OR |
||
| 100 | _aHarrison, Guy . | ||
| 245 |
_aORACLE desk reference / _cGuy Harrison. _hTextual Documents |
||
| 250 |
_a1 / _b. |
||
| 260 |
_aNew Jersey : _bPrentice Hall Inc , _c2000. |
||
| 300 | _a520 ; . | ||
| 365 | _a360.00 | ||
| 500 | _a*CSS | ||
| 504 | _a | ||
| 942 | _cBK | ||
| 999 |
_c10410 _d10410 |
||